000 00993nam a2200253Ia 4500
003 OSt
005 20220923211319.0
006 a|||||r|||| 00| 0
007 ta
008 220922b |||||||| |||| 00| 0 hin d
020 _a9788181438553 (hbk)
_c250
024 _a241,306
037 _b445, 08/02/2010, Vani Prakashan
_cTextual
040 _aARTS
_cARTS
_bhin
041 _2hin
_ahin
082 _aO152v, P8
100 _aजैन, सुरेश कुमार, संपा.
_9160227
245 0 _aहिन्दी साहित्य का इतिहास नए विचार - नई दृष्टि
246 _aHindī sāhitya kā itihās nae vichār - naī dṛuṣhṭi
260 _aनयी दिल्ली
_b वाणी प्रकाशन
_c2008
300 _a163पृ.
_ccm.
942 _hO152v, P8
_cTEXL
_2CC
999 _c298421
_d298421